| 000 -LEADER |
| fixed length control field |
02041nam a2200205 4500 |
| 005 - DATE AND TIME OF LATEST TRANSACTION |
| control field |
20260209143621.0 |
| 008 - FIXED-LENGTH DATA ELEMENTS--GENERAL INFORMATION |
| fixed length control field |
260127b ||||| |||| 00| 0 eng d |
| 040 ## - CATALOGING SOURCE |
| Transcribing agency |
SSBUL |
| 041 ## - LANGUAGE CODE |
| Language code of text/sound track or separate title |
English |
| 082 ## - DEWEY DECIMAL CLASSIFICATION NUMBER |
| Edition number |
23 |
| Item number |
T-49 Ph.D |
| 100 0# - MAIN ENTRY--PERSONAL NAME |
| Personal name |
Aung Aung Hla. |
| 9 (RLIN) |
65770 |
| 245 10 - TITLE STATEMENT |
| Title |
History of Monywa (1948-1962) / |
| Statement of responsibility, etc. |
Aung Aung Hla. |
| 260 ## - PUBLICATION, DISTRIBUTION, ETC. |
| Place of publication, distribution, etc. |
Mandalay : |
| Name of publisher, distributor, etc. |
University of Mandalay, |
| Date of publication, distribution, etc. |
Oct 2013. |
| 300 ## - PHYSICAL DESCRIPTION |
| Extent |
xxiv ,148 p. |
| Other physical details |
Includes Maps,Photographs and tables. |
| Dimensions |
30 cm. |
| 502 ## - DISSERTATION NOTE |
| Dissertation note |
"History of Monywa (1948-1962)" makes efforts to portray the political,economic,social and religious situations during post-independence era.Although Amyint,Badon and Kani being the principal towns of Monywa District in Precolonial period,,Monywa stood as an ordinary village.During colonial era,Monywa emerged as a thriving town in the Sagaing Division.Its location and means of communication favoured Monywa to become an economic centre of the District.However,the civil war after independence greatly affected the socioeconomy of the region.The insurgents such as Communits and People's Volunteer Organization overran Monywa District.After the restroration of law and order,Monywa region reemerged as a thriving economic centre.This disseration traces the repercussion of insurgencies and political movements of agriculture,commerce and industries are also discussed.Exminations are also made on the goverment's efforts for gradual development of public healthcare,education,literature and other social welfare.Monywa District is also well-known for numerous renowned pagodas,learning centres of Buddhist scriptures and emergence of celebrated monks.This Disseration also discusses of celebrated monks for the propagation of Buddhism in Monywa District. |
| Degree type |
Ph.D. |
| Name of granting institution |
University of Mandalay. |
| Year degree granted |
Oct 2013. |
| 504 ## - BIBLIOGRAPHY, ETC. NOTE |
| Bibliography, etc. note |
Includes Bibliography. |
| 505 ## - FORMATTED CONTENTS NOTE |
| Formatted contents note |
Contents<br/>Introduction<br/>Chapters<br/>1.Politics<br/>2.Economy<br/>3.Social<br/>4.Religion |
| Statement of responsibility |
Aung Aung Hla. |
| Title |
History of Monywa (1948-1962). |
| 650 ## - SUBJECT ADDED ENTRY--TOPICAL TERM |
| Topical term or geographic name entry element |
Monywa, Myanmar |
| Chronological subdivision |
(1948-1962) |
| 9 (RLIN) |
65771 |
| General subdivision |
History |
| 942 ## - ADDED ENTRY ELEMENTS (KOHA) |
| Source of classification or shelving scheme |
|
| Koha item type |
Reference |